Les trois meilleurs buteurs de ces grands clubs européens. - Statistiques

Statistiques générales
  • Ce quiz a été pris 89 fois
  • Le résultat moyen est 22 sur 54
Statistiques - réponses
Clubs Buts Joueurs % Correct
Réal Madrid 450 Cristiano Ronaldo
100%
FC Barcelone 672 Lionel Messi
99%
Atlético Madrid 198 Antoine Griezmann
95%
Réal Madrid 354 Karim Benzema
93%
Paris Saint-Germain 256 Kylian Mbappé
91%
FC Barcelone 195 Luis Suarez
90%
Réal Madrid 323 Raul
86%
Tottenham Hotspurs 280 Harry Kane
85%
Bayern Munich 344 Robert Lewandowski
85%
Paris Saint-Germain 200 Edinson Cavani
84%
FC Arsenal 228 Thierry Henry
81%
Paris Saint-Germain 156 Zlatan Ibrahimovic
81%
Bayern Munich 570 Gerd Muller
80%
Manchester City 260 Sergio Aguero
80%
Bayern Munich 250 Thomas Muller
80%
Borussia Dortmund 170 Marco Reus
75%
Manchester United 253 Wayne Rooney
75%
Juventus Turin 290 Alessandro Del Piero
70%
Olympique Lyonnais 201 Alexandre Lacazette
69%
FC Liverpool 238 Mohamed Salah
65%
FC Chelsea 164 Didier Drogba
64%
FC Chelsea 211 Frank Lampard
64%
Olympique de Marseille 182 Jean-Pierre Papin
54%
AC Milan 175 Andriy Shevchenko
44%
Manchester United 245 Bobby Charlton
34%
Olympique de Marseille 194 Gunnar Andersson
34%
FC Liverpool 339 Ian Rush
29%
Inter Milan 284 Giuseppe Meazza
26%
Olympique Lyonnais 149 Bernard Lacombe
20%
AS Monaco 118 Wissam Ben Yedder
19%
Olympique Lyonnais 222 Fleury Di Nallo
18%
FC Arsenal 185 Ian Wright
18%
AS Monaco 223 Delio Onnis
16%
Manchester United 237 Denis Law
14%
AC Milan 163 Gianni Rivera
14%
Olympique de Marseille 185 Josip Skoblar
14%
AC Milan 214 Gunnar Nordahl
13%
Atlético Madrid 159 Luis Aragones
11%
Tottenham Hotspurs 266 Jimmy Greaves
8%
Tottenham Hotspurs 211 Bobby Smith
4%
Manchester City 138 Francis Lee
4%
FC Liverpool 280 Roger Hunt
4%
Borussia Dortmund 177 Adi Preisler
3%
FC Barcelone 226 César Rodriguez
3%
Inter Milan 209 Alessandro Altobelli
1%
Juventus Turin 179 Roberto Bettega
1%
Atlético Madrid 153 Adrian Escudero
0%
FC Chelsea 194 Bobby Tambling
0%
FC Arsenal 153 Cliff Bastin
0%
Juventus Turin 185 Giampiero Boniperti
0%
Manchester City 146 Joe Hayes
0%
AS Monaco 114 Lucien Cossou
0%
Borussia Dortmund 159 Michael Zorc
0%
Inter Milan 173 Roberto Boninsegna
0%
Aucun quiz correspondant
Distribution des résultats
% des personnes avec chaque résultat
Percentile par nombre de réponses
Votre historique - résultats
Vous n’avez pas pris ce quiz